| Tag |
First Indicator |
Second Indicator |
Subfields |
| LEADER |
00000cam a2200000 i 4500 |
| 001 |
in00000360821 |
| 005 |
20151011064003.0 |
| 008 |
771116c19501947ilua 00010 eng d |
| 035 |
|
|
|a (OCoLC)03423084
|
| 035 |
|
|
|9 ABN3520AM
|
| 040 |
|
|
|a TXA
|c TXA
|d UtOrBLW
|
| 049 |
|
|
|a TXAM
|c [377292]
|
| 090 |
|
|
|a TJ400
|b .L43 1950
|
| 100 |
1 |
|
|a Leutwiler, O. A.
|q (Oscar Adolph),
|d 1877-
|
| 245 |
1 |
0 |
|a Notes on the design of steam power plants /
|c compiled by O. A. Leutwiler.
|
| 250 |
|
|
|a Rev. ed.
|
| 264 |
|
1 |
|a Urbana, Ill. :
|b [publisher not identified],
|c 1950
|
| 264 |
|
3 |
|a Ann Arbor, Mich. :
|b Edward Bros.
|
| 264 |
|
4 |
|c ©1947
|
| 300 |
|
|
|a vi, 239 pages :
|b illustrations ;
|c 28 cm.
|
| 336 |
|
|
|a text
|b txt
|2 rdacontent
|
| 337 |
|
|
|a unmediated
|b n
|2 rdamedia
|
| 338 |
|
|
|a volume
|b nc
|2 rdacarrier
|
| 650 |
|
0 |
|a Steam power plants
|x Design and construction.
|
| 999 |
|
|
|a MARS
|
| 999 |
f |
f |
|s 1ce2a2fe-2723-3fab-a540-260e7f5591ac
|i c04664f4-8703-317d-a244-f5c498844f63
|t 0
|
| 952 |
f |
f |
|p normal
|a Texas A&M University
|b College Station
|c Sterling C. Evans Library
|d Evans: Library Stacks
|t 0
|e TJ400 .L43 1950
|h Library of Congress classification
|i unmediated -- volume
|m A14805438776
|
| 998 |
f |
f |
|a TJ400 .L43 1950
|t 0
|l Evans: Library Stacks
|